Statistika statistics and economy journal

Gespeichert in:
Bibliographische Detailangaben
Format: Schriftenreihe
Sprache:Englisch
Veröffentlicht: Praha Český statistický úřad 2014
Schlagworte:
Tags: Tag hinzufügen
Keine Tags, Fügen Sie das erste Tag hinzu!

MARC

LEADER 00000nas2a2200000 4500
001 0252244
005 20190320100019.4
022 |a 0322-788X 
041 0 |a eng 
044 |a CZ 
245 1 0 |a Statistika  |b statistics and economy journal 
264 1 |a Praha  |b Český statistický úřad  |c 2014 
773 0 |w eu_un_cat*s120025 
610 2 0 |a štatistika